| 000 -LEADER |
| fixed length control field |
02344nam a2200301 a 4500 |
| 001 - CONTROL NUMBER |
| control field |
ASIN3791344064 |
| 003 - CONTROL NUMBER IDENTIFIER |
| control field |
OSt |
| 005 - DATE AND TIME OF LATEST TRANSACTION |
| control field |
20180116192415.0 |
| 008 - FIXED-LENGTH DATA ELEMENTS--GENERAL INFORMATION |
| fixed length control field |
130508s2011 xxu eng d |
| 020 ## - INTERNATIONAL STANDARD BOOK NUMBER |
| International Standard Book Number |
3791344064 (hardcover) |
| Terms of availability |
$75.00 |
| 020 ## - INTERNATIONAL STANDARD BOOK NUMBER |
| International Standard Book Number |
9783791344065 (hardcover) |
| 040 ## - CATALOGING SOURCE |
| Transcribing agency |
0 |
| 082 ## - DEWEY DECIMAL CLASSIFICATION NUMBER |
| Edition number |
22 ed. |
| Classification number |
363.69091767 |
| 245 14 - TITLE STATEMENT |
| Title |
The aga khan historic cities programme / |
| Statement of responsibility, etc. |
edited by Philip Jodidio. |
| 260 ## - PUBLICATION, DISTRIBUTION, ETC. |
| Place of publication, distribution, etc. |
New York : |
| Name of publisher, distributor, etc. |
Prestel, |
| Date of publication, distribution, etc. |
2011. |
| 300 ## - PHYSICAL DESCRIPTION |
| Extent |
340 p. ; |
| Dimensions |
29 cm. |
| 520 ## - SUMMARY, ETC. |
| Summary, etc. |
The extraordinary accomplishments of the Aga Khan Historic Cities Programme are celebrated in this generously illustrated volume that includes hundreds of photographs, maps, and drawings along with informative text, offering fascinating insight into the built environment of Muslim societies around the world. The Aga Khan Historic Cities Programme promotes the conservation and re-use of buildings and public spaces in historic cities in the Muslim World as a catalyst to improving the quality of life of their inhabitants. This book presents more than 30 case studies that illustrate the Programme's efforts to spur social, economic, and cultural development in sustainable ways. In countries such as Afghanistan, Egypt, India, Mali, Pakistan, Syria, Tajikistan and Tanzania the Historic Cities Programme has gone beyond restoration to address the questions of the social and environmental context, adaptive re-use, institutional sustainability and training. Recent photographs filled with brilliant detail; precise maps, drawings and technical data; and expert essays on urban planning, collaborative networks, parks and gardens, and sustainability are included in this exciting book on the work of one of the Muslim world's most successful proponents of cultural conservation. |
| 650 ## - SUBJECT ADDED ENTRY--TOPICAL TERM |
| Topical term or geographic name entry element |
Architecture |
| General subdivision |
Conservation and restoration |
| 9 (RLIN) |
6472 |
| 650 ## - SUBJECT ADDED ENTRY--TOPICAL TERM |
| Topical term or geographic name entry element |
Islamic countries |
| 9 (RLIN) |
6473 |
| 650 ## - SUBJECT ADDED ENTRY--TOPICAL TERM |
| Topical term or geographic name entry element |
City planning |
| 9 (RLIN) |
6474 |
| 650 ## - SUBJECT ADDED ENTRY--TOPICAL TERM |
| Topical term or geographic name entry element |
Sustainable development |
| 9 (RLIN) |
6475 |
| 650 ## - SUBJECT ADDED ENTRY--TOPICAL TERM |
| Topical term or geographic name entry element |
Aga Khan Trust for Culture. Historic Cities Support Programme |
| 9 (RLIN) |
6476 |
| 650 ## - SUBJECT ADDED ENTRY--TOPICAL TERM |
| Topical term or geographic name entry element |
Historic buildings |
| General subdivision |
Conservation and restoration |
| 9 (RLIN) |
6477 |
| 700 1# - ADDED ENTRY--PERSONAL NAME |
| Personal name |
Jodidio, Philip. |
| 9 (RLIN) |
6478 |
| 856 40 - ELECTRONIC LOCATION AND ACCESS |
| Materials specified |
Amazon.com |
| Uniform Resource Identifier |
<a href="http://www.amazon.com/exec/obidos/ASIN/3791344064/chopaconline-20">http://www.amazon.com/exec/obidos/ASIN/3791344064/chopaconline-20</a> |
| 942 ## - ADDED ENTRY ELEMENTS (KOHA) |
| Source of classification or shelving scheme |
|
| Koha item type |
Book |